000 00378 a2200121 4500
001 ART_35143
005 20260410161627.0
008 260409a
245 1 0 _aEl encuadre legal de las sociedades de profesionales a partir del 1/8/2015
100 1 _aBello, Alberto M.
700 1 _aDomínguez, Marcelo E.
773 0 _tEnfoques
_g- Nº 10 (oct. 2015)
_wREV416
999 _c12097
_d12097